000 00720nam a2200289Ia 4500
005 20260324114256.0
008 008 260324s9999 xx 000 0 eng d
020 _a9781003312185
037 _aEBOOK
040 _aCRL
040 _beng
040 _cCRL
041 _2eng
041 _aeng
084 _qCRL
100 _aDominic Parviz Brookshaw; Pouneh Shabani-Jadidi
_91150133
245 4 _aThe Routledge Intermediate Persian Course
245 0 _bFarsi Shirin Ast, Book Two
260 _bTaylor and Francis
260 _c2023
365 _a
365 _b230
856 _uhttp://www.taylorfrancis.com/books/9781003312185
942 _cEBOOK
999 _c1740216
_d1740216